Statistics for General Knowledge Quiz #19

Click here to take the quiz!

General Stats

  • This quiz has been taken 231,939 times
    (67,625 since last reset)
  • The average score is 11 of 20

Answer Stats

QuestionAnswer% Correct
What is the hardest material that is naturally-occurring on Earth?Diamond
91%
What caustic British chef was the host of the show "Hell's Kitchen"?Gordon Ramsay
84%
What is the only metal that is a liquid at room temperature (and standard pressure)?Mercury
77%
What book was a predecessor to "The Lord of the Rings"?The Hobbit
70%
What was Voldemort's birth name?Tom Riddle
69%
With what country did Germany sign the "Pact of Steel" in 1939?Italy
64%
What is the French word for bread?Pain
63%
Which U.S. state can be spelled without using any of the letters in "mackerel"?Ohio
62%
What rock band has a name that is often abbreviated as GNR?Guns N' Roses
59%
On what island would you find the city of Palermo?Sicily
59%
Who is the Roman goddess of love and beauty?Venus
58%
Who is the leader of the Autobots?Optimus Prime
54%
What religious document does a person have to memorize to become a "hafiz"?The Quran
53%
What type of animal does the term "ursine" refer to?Bears
50%
What tree does latex usually come from?Rubber Tree
45%
What musical by Andrew Lloyd Webber is the longest-running production
in the history of Broadway theater?
The Phantom of
the Opera
43%
What metallic element, starting with C, is used to make blue pigments?Cobalt
41%
On which peninsula was Yugoslavia located?Balkan Peninsula
40%
What "secret" society has many different orders including the Scottish Rite and the York Rite?Freemasonry
40%
The city of Calexico lies on the U.S. side of the California / Mexico border. What,
appropriately, is the name of its sister city on the Mexican side of the border?
Mexicali
21%

Score Distribution

Percentile by Number Answered

Percent of People with Each Score

Your Score History

You have not taken this quiz since the last reset